[Event "Chinese Zonal w 2013"]
[Site "Zhongshan CHN"]
[Date "2013.11.03"]
[Round "6.9"]
[White "Li Xueyi"]
[Black "Yao,Lan"]
[Result "1-0"]
[WhiteElo "2134"]
[BlackElo "1966"]

1.d4 Nf6 2.c4 e6 3.Nc3 Bb4 4.Nf3 O-O 5.Bg5 c5 6.d5 h6 7.Bh4 exd5 8.cxd5 d6
9.e3 g5 10.Bg3 Ne4 11.Rc1 f5 12.Bd3 Qe7 13.Bxe4 fxe4 14.Nd2 Bxc3 15.bxc3 b5
16.O-O Nd7 17.c4 b4 18.Qa4 Nb6 19.Qa5 Bf5 20.a3 bxa3 21.Qxa3 Nd7 22.Rb1 Ne5
23.Qa6 Bc8 24.Qa4 Bd7 25.Qa5 Bf5 26.Qa6 Bc8 27.Qa4 Bd7 28.Qa1 Nd3 29.Rb7 Rf7
30.Rxa7 Rxa7 31.Qxa7 Nf4 32.Qb8+ Kh7 33.Re1 Rf8 34.Qb6 Nd3 35.Rb1 Nf4 36.Re1 Nd3
37.Bxd6 Qf7 38.Rf1 Re8 39.Bxc5 Qh5 40.Bd4 Rf8 41.Nxe4  1-0

[Event "Chennai WGM 2013"]
[Site "Chennai IND"]
[Date "2013.11.06"]
[Round "1.4"]
[White "Priyanka,Nutakki"]
[Black "Vijayalakshmi,S"]
[Result "0-1"]
[WhiteElo "1736"]
[BlackElo "2399"]

1.d4 Nf6 2.c4 e6 3.Nc3 Bb4 4.Nf3 b6 5.g3 Bb7 6.Bg2 O-O 7.O-O d5 8.Bf4 a6
9.cxd5 exd5 10.Rc1 Nc6 11.Ne5 Ne7 12.Qc2 h6 13.Na4 Bd6 14.Nd3 Ne8 15.Bxd6 Qxd6
16.Ne5 Rc8 17.Qb3 Nf6 18.Rc2 Nc6 19.Nxb6 Nxd4 20.Nxc8 Bxc8 21.Qc3 Nxc2 22.Nd3 Ne3
23.fxe3 Re8 24.Nb4 a5 25.Nc2 Bg4 26.Bf3 Qb6 27.Nd4 Bd7 28.Rc1 c6 29.Rc2 Ne4
30.Bxe4 Rxe4 31.Qc5 Qd8 32.Nxc6 Qg5 33.Rc3 Bh3 34.Qd6 Kh7 35.Nd4 Qh5 36.Nf3 Qf5
37.Rd3 Rc4 38.Rd1 Rc2 39.Qf4 Rxb2 40.Qxf5+ Bxf5 41.Rd2 Rb1+ 42.Kg2 Be4 43.Kf2 Kg6
44.g4 Kf6 45.h4 Ke6 46.Kg3 Kd6 47.Kf4 Rb4 48.Nd4 Rb1 49.Nf3 Kc5 50.Ne5 f6
51.Nf3 g5+ 52.hxg5 hxg5+ 53.Kg3 a4 54.Nd4 a3 55.Ne6+ Kb5 56.Nc7+ Kc6 57.Ne6 Rb2
58.Nd4+ Kb7 59.Nb3 Kb6 60.Kf2 Kb5 61.Ke1 Rxb3 62.axb3 Kb4  0-1

[Event "TCh-CRO II Liga 2013"]
[Site "Makarska CRO"]
[Date "2013.11.08"]
[Round "7.4"]
[White "Brunski,I"]
[Black "Saric,B"]
[Result "0-1"]
[WhiteElo "2103"]
[BlackElo "1913"]

1.d4 Nf6 2.Nf3 e6 3.c4 Bb4+ 4.Nc3 O-O 5.Qc2 c5 6.a3 Bxc3+ 7.bxc3 d6 8.e4 Qc7
9.Be2 e5 10.Bg5 Nbd7 11.O-O h6 12.Be3 Re8 13.Nd2 b6 14.f4 cxd4 15.cxd4 exd4
16.Bxd4 Bb7 17.Bd3 Rac8 18.Rac1 Re6 19.Rfe1 Rce8 20.Re2 Nc5 21.Rce1 Nxd3
22.Qxd3 Nd7 23.Bb2 f6 24.Re3 Qc6 25.f5 R6e7 26.Qd5+ Qxd5 27.cxd5 Bxd5 28.Rd3 Bxe4
29.Nxe4 Rxe4 30.Rxe4 Rxe4 31.Rxd6 Nc5 32.g3 Re1+ 33.Kf2 Rb1 34.Rd8+ Kh7 35.Bd4 Nb3
36.Bc3 Rc1 37.Bb4 Rc2+ 38.Ke3 Rxh2 39.Rd7 Nc5 40.Rxa7 Rg2 41.Kf3 Rg1 42.Rc7 Rf1+
43.Kg4 h5+ 44.Kxh5 Rxf5+ 45.Kg4 Rg5+ 46.Kf3 Nd3 47.Be7 Kg6 48.Rb7 b5 49.Bf8 Kh6
50.Rb6 Ne5+ 51.Kf4 Nd7 52.Bxg7+ Kxg7 53.Rb7 Rd5 54.Ke4 Rd1 55.Rxb5 Kf7 56.a4 Ke6
57.g4 Ra1 58.Ra5 Rxa4+ 59.Rxa4 Nc5+ 60.Kf4 Nxa4 61.g5 f5 62.g6 Nb6 63.g7 Nd5+
64.Kg5 Ne7 65.Kf4 Kf7  0-1

[Event "23rd World Seniors 2013"]
[Site "Opatija CRO"]
[Date "2013.11.13"]
[Round "2.7"]
[White "Cebalo,M"]
[Black "Fucak,E"]
[Result "0-1"]
[WhiteElo "2415"]
[BlackElo "2223"]

1.c4 e6 2.d4 Nf6 3.Nc3 Bb4 4.Nf3 b6 5.Bg5 Bb7 6.Nd2 h6 7.Bh4 Qe7 8.a3 Bxc3
9.bxc3 d6 10.f3 c5 11.e4 cxd4 12.cxd4 e5 13.d5 Na6 14.Bd3 Nc5 15.Bc2 g5 16.Bf2 Nfd7
17.O-O Ba6 18.Qe2 Rc8 19.Rfc1 O-O 20.Nf1 Nb7 21.Ne3 Na5 22.Bd1 Rc7 23.Be1 Rfc8
24.Bxa5 bxa5 25.Qd2 Rc5 26.Ba4 Nb6 27.Bc6 Qf6 28.Qe2 Rc7 29.Rab1 Kh7 30.Rc2 Qd8
31.g3 Bb7 32.Bb5 Bc8 33.Kg2 Bd7 34.Rbc1 Bxb5 35.cxb5 Qc8 36.Qd2 a4 37.h4 Kg6
38.hxg5 hxg5 39.Rxc5 Rxc5 40.Rxc5 Qxc5 41.Qd3 Qd4 42.Qxd4 exd4 43.Nf5 d3
44.Kf2 Nc4 45.Nd4 f6 46.Ke1 Kf7 47.Kd1 Ke8 48.Nc6 Kd7 49.Nxa7 Kc7 50.Nc6 Kb6
51.Nb4 d2 52.Nc2 Kxb5 53.Nd4+ Kc5 54.Ne6+ Kb6 55.Nd4 Kc7 56.Nb5+ Kb6 57.Nd4 Nxa3
58.Kxd2 Nb5 59.Nc2 Kc5 60.Kd3 a3 61.f4 gxf4 62.gxf4 a2 63.Na1 Kb4 64.Kc2 Ka3
65.Kc1 Nd4  0-1

[Event "Chinese Teams 2013"]
[Site "Shijiazhuang CHN"]
[Date "2013.11.13"]
[Round "17.2"]
[White "Tan Zhongyi"]
[Black "Zhao Xue"]
[Result "1/2-1/2"]
[WhiteElo "2510"]
[BlackElo "2565"]

1.d4 Nf6 2.c4 e6 3.Nc3 Bb4 4.Nf3 c5 5.g3 Nc6 6.Bg2 Ne4 7.Bd2 Nxd2 8.Qxd2 cxd4
9.Nxd4 Qb6 10.e3 O-O 11.O-O Rd8 12.Rfd1 Ne5 13.b3 Qa5 14.Nde2 Bf8 15.Nb5 Qxd2
16.Rxd2 Bb4 17.Rdd1 Kf8 18.a3 Be7 19.Ra2 a6 20.Nd6 Rb8 21.a4 b6 22.Rad2 f5
23.e4 fxe4 24.Bxe4 Bxd6 25.Rxd6 Ke7 26.f4 Nf7 27.R6d3 g6 28.Nc3 Bb7 29.h4 Bxe4
30.Nxe4 h5 31.Kf2 Rbc8 32.Kf3 Rc7 33.Nc3 Rdc8 34.Re3 Kf8 35.Ne4 Ke7 36.a5 bxa5
37.Ra1 Nd6 38.Nxd6 Kxd6 39.Rxa5 Rc6 40.Rg5 Rg8 41.g4 hxg4+ 42.Kxg4 Ke7 43.Ra5 Kf6
44.Rd3 d6 45.Ra1  1/2-1/2

[Event "23rd World Seniors 2013"]
[Site "Opatija CRO"]
[Date "2013.11.14"]
[Round "3.51"]
[White "Schmidt,Ger1"]
[Black "Ramos,C"]
[Result "1/2-1/2"]
[WhiteElo "2237"]
[BlackElo "2009"]

1.d4 Nf6 2.c4 e6 3.Nf3 Bb4+ 4.Nc3 Ne4 5.Qc2 f5 6.e3 b6 7.Bd3 Bb7 8.O-O Nxc3
9.bxc3 Be7 10.e4 O-O 11.Qe2 fxe4 12.Bxe4 Bxe4 13.Qxe4 Na6 14.Re1 Rb8 15.a4 Rf5
16.Bd2 c6 17.Bf4 Rc8 18.Bg3 Nc7 19.Qe2 Ne8 20.d5 cxd5 21.Nd4 Rf7 22.cxd5 exd5
23.Qd3 Nf6 24.Nf3 Bc5 25.Bh4 Bd6 26.Bxf6 Qxf6 27.Qxd5 h6 28.c4 Rc5 29.Qd3 g6
30.Rad1 Bc7 31.Qe4 Rh5 32.h3 Kg7 33.Rd5 Rxd5 34.Qxd5 Bd6 35.a5 Bc5 36.a6 Qc3
37.Rd1 Re7 38.h4 Qf6 39.g3 Qe6 40.Qd3 Qe4 41.Qc3+ Kh7 42.Re1 Qf5 43.Rxe7+ Bxe7  1/2-1/2

[Event "23rd World Seniors 2013"]
[Site "Opatija CRO"]
[Date "2013.11.15"]
[Round "4.45"]
[White "Giffard,N"]
[Black "Gamboa,A"]
[Result "1-0"]
[WhiteElo "2348"]
[BlackElo "2096"]

1.d4 Nf6 2.c4 e6 3.Nc3 Bb4 4.Nf3 O-O 5.Bg5 c5 6.Qb3 h6 7.Bh4 Qa5 8.Bxf6 Bxc3+
9.bxc3 gxf6 10.Nd2 Nc6 11.e3 d6 12.Be2 Rb8 13.Rd1 Qc7 14.O-O f5 15.f4 Bd7
16.Rf3 Ne7 17.Rh3 Kg7 18.Nf1 Ng8 19.Ng3 Nf6 20.Rb1 Bc6 21.Bd3 Be4 22.Bxe4 fxe4
23.Qd1 Rh8 24.d5 b6 25.Nh5+ Nxh5 26.Qg4+ Kf8 27.Rxh5 Qe7 28.f5 exd5 29.f6 Qxf6
30.Rf1 Qg7 31.Qd7 Re8 32.Rhf5 Rh7 33.Qxd6+ Kg8 34.Qd7 Rf8 35.Qxd5 Qxc3 36.Qxe4 Rg7
37.h3 Qb2 38.R1f2 Qa1+ 39.Kh2 Qc3 40.Rf6 Rh7 41.R2f4 Qe1 42.Rg6+ Rg7 43.Rxh6 Rd8
44.Rg4  1-0

[Event "23rd World Seniors 2013"]
[Site "Opatija CRO"]
[Date "2013.11.16"]
[Round "5.14"]
[White "Karason,A"]
[Black "Chernov,Evgen"]
[Result "1-0"]
[WhiteElo "2220"]
[BlackElo "2325"]

1.d4 Nf6 2.c4 e6 3.Nc3 Bb4 4.Nf3 d5 5.Bg5 dxc4 6.e4 b5 7.a4 c6 8.e5 h6 9.exf6 hxg5
10.fxg7 Rg8 11.h4 gxh4 12.Rxh4 Qf6 13.g3 Nd7 14.Bg2 c5 15.Kf1 Bxc3 16.bxc3 Bb7
17.axb5 Bd5 18.Rh8 Qxg7 19.Rxg8+ Qxg8 20.Ne5 Nxe5 21.Bxd5 exd5 22.dxe5 Rd8
23.Rxa7 Qg6 24.Qf3 Qd3+ 25.Qxd3 cxd3 26.Rc7 c4 27.b6 Ra8 28.b7 Ra1+ 29.Kg2 Rb1
30.Rc8+ Kd7 31.b8=Q Rxb8 32.Rxb8 d4 33.Kf3 dxc3 34.Ke3  1-0

[Event "Chennai GM Open 2013"]
[Site "Chennai IND"]
[Date "2013.11.17"]
[Round "3.4"]
[White "Babujian,L"]
[Black "Laxman,R"]
[Result "0-1"]
[WhiteElo "2510"]
[BlackElo "2428"]

1.d4 Nf6 2.c4 e6 3.Nc3 Bb4 4.Nf3 d5 5.cxd5 exd5 6.Bg5 h6 7.Bh4 c5 8.e3 c4
9.Nd2 g5 10.Bg3 Bf5 11.Be2 O-O 12.O-O Re8 13.Be5 Bxc3 14.bxc3 Ne4 15.Nxe4 Bxe4
16.f3 Bg6 17.e4 Nc6 18.Bg3 dxe4 19.fxe4 Qa5 20.d5 Rad8 21.Bh5 Qxc3 22.Bxg6 fxg6
23.Kh1 Ne5 24.Rb1 b6 25.Qa4 Qa5 26.Qc2 Qc5 27.Qc3 Qe7 28.a4 Nd3 29.a5 Qxe4
30.axb6 axb6 31.Rxb6 Rf8 32.Rbf6 Nf4 33.Bxf4 Rxf6 34.Qxf6 Rf8 35.Qa1 gxf4
36.Re1 Qd3 37.Rd1 Qe2 38.Qb1 Kh7 39.Rf1 c3 40.d6 Rb8 41.Qa1 Rb7 42.h3 c2
43.Kh2 f3 44.Rxf3 Qd1 45.Qa6 Rg7 46.d7 c1=Q  0-1

[Event "Chennai GM Open 2013"]
[Site "Chennai IND"]
[Date "2013.11.17"]
[Round "4.1"]
[White "Vishnu,P"]
[Black "Lalith,B"]
[Result "1/2-1/2"]
[WhiteElo "2505"]
[BlackElo "2570"]

1.d4 Nf6 2.c4 e6 3.Nc3 Bb4 4.Nf3 Nc6 5.Qc2 Qe7 6.Bd2 O-O 7.e3 d6 8.a3 Bxc3
9.Bxc3 e5 10.d5 Nb8 11.Nd2 a5 12.b3 c6 13.e4 Nbd7 14.Be2 Nc5 15.b4 axb4 16.axb4 Rxa1+
17.Bxa1 Na6 18.Qb1 Nc7 19.O-O Bd7 20.b5 Ra8 21.Bc3 Qe8 22.bxc6 bxc6 23.Qb2 Qb8
24.Qxb8+ Rxb8 25.f3 Nfe8 26.Rb1  1/2-1/2

[Event "2nd Crimea Autumn 2013"]
[Site "Simferopol UKR"]
[Date "2013.11.17"]
[Round "6"]
[White "Kurbedinov,R"]
[Black "Shtyrenkov,V"]
[Result "1-0"]
[WhiteElo "2331"]
[BlackElo "2337"]

1.d4 Nf6 2.c4 e6 3.Nc3 Bb4 4.Nf3 b6 5.Bg5 Bb7 6.Nd2 h6 7.Bh4 Nc6 8.e3 Ne7
9.Bxf6 gxf6 10.Bd3 f5 11.O-O Ng6 12.Be2 Bxc3 13.bxc3 Nh4 14.g3 Qf6 15.Nf3 Rg8
16.Nxh4 Qxh4 17.Bf3 Bxf3 18.Qxf3 Qe4 19.Qxe4 fxe4 20.f3 exf3 21.Rxf3 f5 22.Rf4 Rg4
23.Raf1 Rxf4 24.Rxf4 Kf7 25.e4 Kg6 26.Kf2 h5 27.Kf3 Rb8 28.a4 c6 29.Ke3 d5
30.cxd5 cxd5 31.exf5+ exf5 32.Kd3 Rc8 33.Rf2 h4 34.gxh4 Rc4 35.h5+ Kf6 36.Rg2 f4
37.Rg8 Rc7  1-0

[Event "Chennai GM Open 2013"]
[Site "Chennai IND"]
[Date "2013.11.20"]
[Round "7.6"]
[White "Vishnu,P"]
[Black "Laxman,R"]
[Result "1-0"]
[WhiteElo "2505"]
[BlackElo "2428"]

1.d4 Nf6 2.c4 e6 3.Nc3 Bb4 4.Nf3 d5 5.e3 O-O 6.Bd3 c5 7.O-O Nc6 8.a3 Bxc3
9.bxc3 Qc7 10.Bb2 Re8 11.h3 Na5 12.cxd5 exd5 13.Ne5 Rxe5 14.dxe5 Qxe5 15.Qa4 b6
16.Qf4 Qxf4 17.exf4 Nc4 18.Bc1 Bd7 19.a4 Re8 20.f3 Na5 21.Kf2 Nb3 22.Ra3 Nxc1
23.Rxc1 c4 24.Bc2 Nh5 25.g3 Bxh3 26.Rd1 Nf6 27.g4 Bxg4 28.fxg4 Nxg4+ 29.Kf3 h5
30.Bf5 Re3+ 31.Kg2 Re2+ 32.Kf1 Rf2+ 33.Ke1 Rxf4 34.Rxd5 g5 35.Bxg4 Rxg4 36.Kf2 Rf4+
37.Ke3 f5 38.Ra1 Re4+ 39.Kd2 Rf4 40.Rd7 Rf2+ 41.Ke3 Rc2 42.Rg1 g4 43.Kf4  1-0

[Event "23rd World Seniors 2013"]
[Site "Opatija CRO"]
[Date "2013.11.20"]
[Round "8.17"]
[White "Giffard,N"]
[Black "Titz,Hei"]
[Result "0-1"]
[WhiteElo "2348"]
[BlackElo "2174"]

1.d4 Nf6 2.c4 e6 3.Nc3 Bb4 4.Nf3 c5 5.g3 Ne4 6.Qd3 Qa5 7.Qxe4 Bxc3+ 8.Bd2 Bxd2+
9.Nxd2 d6 10.Bg2 O-O 11.Rd1 cxd4 12.Qxd4 Rd8 13.a3 Nc6 14.Qh4 Bd7 15.O-O Be8
16.Nb1 Qc7 17.Rc1 Ne5 18.Qd4 a6 19.Rc3 Rac8 20.Rfc1 Bc6 21.Bh3 Nd7 22.b4 b6
23.Nd2 Nf6 24.Qh4 Qb7 25.g4 Ne4 26.Nxe4 Bxe4 27.g5 d5 28.g6 hxg6 29.cxd5 Bxd5
30.e4 g5 31.Qxg5 Bxe4 32.Bg4 Re8 33.Qe5 Rxc3 34.Rxc3 Qd5 35.Qxd5 Bxd5 36.f4 a5
37.bxa5 bxa5 38.Rc5 Ra8 39.Kf2 Kf8 40.Bf3 Bxf3 41.Kxf3 a4 42.Rc4 Ke7 43.h4 Kf6
44.Kg4 Kg6 45.Rb4 Ra5 46.Rc4 f5+ 47.Kg3 Kf6 48.h5 Ra8 49.Rb4 Rh8 50.Rxa4 Rxh5
51.Ra8 g5 52.fxg5+ Rxg5+ 53.Kf3 Rg1 54.Ra5 Rc1 55.Kf4 e5+ 56.Kf3 Rc3+ 57.Kf2 f4
58.Ra8 Kf5 59.a4 Ke4  0-1

[Event "Chennai GM Open 2013"]
[Site "Chennai IND"]
[Date "2013.11.21"]
[Round "9.2"]
[White "Swayams,M"]
[Black "Vidit,S"]
[Result "0-1"]
[WhiteElo "2435"]
[BlackElo "2582"]

1.d4 Nf6 2.c4 e6 3.Nc3 Bb4 4.Nf3 b6 5.e3 Bb7 6.Bd3 c5 7.O-O O-O 8.Na4 cxd4
9.exd4 Re8 10.a3 Bf8 11.b4 a5 12.Bd2 axb4 13.axb4 Bxf3 14.Qxf3 Nc6 15.Rfb1 Nxd4
16.Qe3 e5 17.Bc3 Bd6 18.h3 Qc7 19.Ra2 Ne6 20.Rba1 Rab8 21.Bf1 Nd4 22.Rd1 b5
23.c5 Bf8 24.Nb6 d6 25.Bxd4 exd4 26.Qxd4 dxc5 27.bxc5 Red8 28.Qa1 Bxc5 29.Na8 Qf4
30.Qc1 Qxc1 31.Rxc1 Ne4 32.Nc7 Rbc8 33.Rxc5 Nxc5 34.Nxb5 Ne4 35.Ra4 Nd2 36.Be2 g6
37.Kh2 Rc2 38.Nd4 Rb2 39.f4 Re8 40.f5 Re4 41.Kg3 Kg7 42.Ba6 Rb6 43.Bd3 Re3+
44.Kf2 Rxd3  0-1

[Event "Piestany Open 2013"]
[Site "Piestany SVK"]
[Date "2013.11.22"]
[Round "6.21"]
[White "Benkovsky,Peter"]
[Black "Pozar,Daniel"]
[Result "1-0"]
[WhiteElo "1683"]
[BlackElo "1529"]

1.d4 Nf6 2.c4 e6 3.Nc3 Bb4 4.Nf3 Ne4 5.Bd2 Nxc3 6.Bxc3 Bxc3+ 7.bxc3 d6 8.e4 Nd7
9.Bd3 c6 10.Qc2 e5 11.O-O Qe7 12.Rfe1 Nf6 13.h3 Nh5 14.Rab1 Qf6 15.Kh2 Qf4+
16.Kh1 O-O 17.Qc1 Qf6 18.Qg5 Qxg5 19.Nxg5 h6 20.Nf3 f6 21.Be2 Nf4 22.Kh2 b6
23.Ng1 Nxe2 24.Rxe2 Be6 25.Rb4 Rab8 26.Ra4 Bc8 27.Rxa7 Rf7 28.Ra4 Rbb7 29.Rb2 Rb8
30.Nf3 Rfb7 31.Ra6 Kf7 32.Ne1 g5 33.f3 Ke7 34.Nd3 Be6 35.d5 Bd7 36.Nb4 Rc7
37.dxc6 Be6 38.Nd5+ Bxd5 39.cxd5 b5 40.a4 Kd8 41.axb5 Kc8 42.b6  1-0

[Event "Chennai GM Open 2013"]
[Site "Chennai IND"]
[Date "2013.11.23"]
[Round "11.8"]
[White "Babujian,L"]
[Black "Udeshi,A"]
[Result "1-0"]
[WhiteElo "2510"]
[BlackElo "2444"]

1.d4 Nf6 2.c4 e6 3.Nc3 Bb4 4.Nf3 Bxc3+ 5.bxc3 b6 6.Bg5 Bb7 7.Nd2 h6 8.Bh4 d6
9.f3 Nbd7 10.e4 Qe7 11.Qa4 e5 12.Bd3 c5 13.d5 Kd8 14.Nf1 Kc7 15.Ne3 g6 16.Qa3 Qf8
17.Bc2 Nh5 18.O-O-O Ng7 19.g4 f6 20.Kb1 Qf7 21.Bg3 h5 22.h4 g5 23.Qc1 hxg4
24.fxg4 gxh4 25.Bxh4 Rh7 26.Bg3 Rah8 27.Rxh7 Rxh7 28.Rf1 Qg6 29.Qe1 Bc8 30.Qf2 Rh6
31.Qf3 Nf8 32.Nf5 Nxf5 33.gxf5 Qg7 34.Bf2 Bd7 35.Rg1 Qh8 36.Rg3 Rh1+ 37.Kb2 Qh6
38.Be3 Qh2 39.Rg7 Re1 40.Qf2 Qh1 41.Rg8 Rf1 42.Qd2 Nh7 43.Rh8 Qh4 44.Qg2 Qe1
45.Rxh7 Qa1+ 46.Kb3 a5 47.Qg7 a4+ 48.Ka3 Qxc3+ 49.Bb3 Qb4+ 50.Kb2 Rf2+ 51.Bxf2 Qd2+
52.Kb1 Qd3+ 53.Bc2 Qf1+ 54.Kb2 a3+ 55.Kb3  1-0

[Event "23rd World Seniors 2013"]
[Site "Opatija CRO"]
[Date "2013.11.23"]
[Round "11.29"]
[White "Giffard,N"]
[Black "Dogantug,I"]
[Result "1-0"]
[WhiteElo "2348"]
[BlackElo "2117"]

1.d4 Nf6 2.c4 e6 3.Nc3 Bb4 4.Nf3 b6 5.Qb3 c5 6.Bg5 h6 7.Bh4 O-O 8.a3 Ba5
9.e3 Na6 10.Be2 Bb7 11.O-O Bxc3 12.Qxc3 Ne4 13.Qc2 Qc8 14.Rac1 d6 15.Rfd1 Qc7
16.d5 exd5 17.cxd5 Rae8 18.Bb5 g5 19.Bxe8 Rxe8 20.Bg3 Qe7 21.Qa4 Nc7 22.Nd2 Nxg3
23.hxg3 Nxd5 24.e4 Nf6 25.Qxa7 b5 26.e5 Ng4 27.exd6 Qe2 28.Qxc5 Re3 29.Qxe3 Nxe3
30.d7 Qd3 31.Rc8+ Kg7 32.d8=Q Qxd8 33.Rxd8 Nxd1 34.Rd7 Bc6 35.Rc7 Be8 36.Ne4  1-0

[Event "1st Srefidensi Masters 2013"]
[Site "Paramaribo SUR"]
[Date "2013.11.23"]
[Round "6.4"]
[White "Lebredo Zaragoitia,G"]
[Black "Vilela de Acuna,J"]
[Result "0-1"]
[WhiteElo "2218"]
[BlackElo "2323"]

1.d4 Nf6 2.c4 e6 3.Nf3 Bb4+ 4.Nc3 b6 5.Qc2 Bb7 6.a3 Bxc3+ 7.Qxc3 d6 8.g3 Nbd7
9.Bg2 c5 10.dxc5 Nxc5 11.Bg5 Rc8 12.O-O Nce4 13.Qd3 Nxg5 14.Nxg5 Ba6 15.b3 d5
16.Rfd1 Qe7 17.e4 dxc4 18.bxc4 e5 19.Qb3 O-O 20.Qb4 Rc5 21.a4 Qc7 22.a5 bxa5
23.Qd2 h6 24.Nf3 Nxe4 25.Qd7 Rc8 26.Ne1 Nc3 27.Qxc7 R5xc7  0-1

[Event "St Louis Classic IM 2013"]
[Site "Saint Louis USA"]
[Date "2013.11.23"]
[Round "3.3"]
[White "Gorovets,A"]
[Black "Kavutskiy,K"]
[Result "1-0"]
[WhiteElo "2480"]
[BlackElo "2275"]

1.d4 Nf6 2.c4 e6 3.Nc3 Bb4 4.Nf3 b6 5.Qc2 Bb7 6.a3 Bxc3+ 7.Qxc3 Ne4 8.Qc2 O-O
9.g3 c5 10.Bg2 cxd4 11.Nxd4 Nd6 12.Bxb7 Nxb7 13.O-O Nc6 14.Nxc6 dxc6 15.Rd1 Qc7
16.Be3 Rfd8 17.Qa4 Rxd1+ 18.Rxd1 Rd8 19.Rc1 a5 20.b4 axb4 21.axb4 c5 22.Qa7 Rd7
23.Rb1 h6 24.bxc5 bxc5 25.Rb6 Kh7 26.Qa6 Nd8 27.Qb5 Nb7 28.Qb1+ Kg8 29.Ra6 Qc8
30.Rb6 Qc7 31.Rb5 Qd8 32.Kg2 Qc7 33.Qe4 Nd6 34.Qa8+ Rd8 35.Rxc5 Qe7 36.Qa6 Nf5
37.Rc8 Nxe3+ 38.fxe3 Rxc8 39.Qxc8+ Kh7 40.Qc6 Qg5 41.Qe4+ Kg8 42.Qd4 e5 43.Qe4 Qe7
44.Qa8+ Kh7 45.Qd5 Qg5 46.c5 Qg4 47.Qd3+ g6 48.c6 Qe6 49.Qd7 Qc4 50.Kf2  1-0

[Event "76th ch-CRC 2013"]
[Site "San Jose CRC"]
[Date "2013.11.23"]
[Round "9.1"]
[White "Gamboa Alvarado,L"]
[Black "Murillo,Alex"]
[Result "0-1"]
[WhiteElo "1896"]
[BlackElo "2290"]

1.d4 Nf6 2.c4 e6 3.Nc3 Bb4 4.Nf3 b6 5.Bg5 Bb7 6.e3 h6 7.Bh4 g5 8.Bg3 Ne4
9.Qc2 Nxg3 10.hxg3 Bf8 11.Bd3 Bg7 12.g4 c5 13.Ne4 Qc7 14.Nc3 Nc6 15.Be4 cxd4
16.Nb5 Qb8 17.Nbxd4 Nxd4 18.exd4 Qc7 19.Rc1 Rc8 20.Bxb7 Qxb7 21.O-O h5 22.Nxg5 hxg4
23.Qe4 Qxe4 24.Nxe4 Ke7 25.Rfd1 f5 26.Ng3 f4 27.Ne4 Rh5 28.Kf1 Rh2 29.b3 Rch8
30.Rc2 f3  0-1

[Event "TCh-AUT 2nd Ost 2013-14"]
[Site "Zwettl AUT"]
[Date "2013.11.23"]
[Round "3.4"]
[White "Menezes,Chr"]
[Black "Kopinits,A"]
[Result "1/2-1/2"]
[WhiteElo "2263"]
[BlackElo "2286"]

1.d4 Nf6 2.c4 e6 3.Nc3 Bb4 4.Nf3 Bxc3+ 5.bxc3 b6 6.g3 Bb7 7.Bg2 O-O 8.O-O d6
9.Re1 h6 10.Qd3 Nc6 11.d5 exd5 12.cxd5 Nb8 13.Nh4 Re8 14.c4 Nbd7 15.Bb2 Ne5
16.Qd4 Ba6 17.Rac1 Qd7 18.f4 Ng6 19.Nxg6 fxg6 20.e4 Re7 21.e5 Rae8 22.Qd3 Qf5
23.Qa3 Bc8 24.e6 a6 25.h3 b5 26.cxb5 axb5 27.Qa5 Nxd5 28.g4 Qd3 29.Rcd1 Qc2
30.Rd2 Qc5+ 31.Bd4 Qb4 32.Qxb4 Nxb4 33.f5 gxf5 34.gxf5 g6 35.Bc3 gxf5 36.Bxb4 Bxe6
37.Bc6 Bd7 38.Rg2+ Kf7 39.Bxd7 Rxe1+ 40.Bxe1 Rxe1+ 41.Kh2 Re5 42.Rb2 b4 43.Rxb4 Re2+
44.Kg3 Rxa2 45.Bxf5 Kf6 46.Bg4 Ra5 47.Rf4+ Kg7 48.Rc4 Rc5 49.Rb4 Re5 50.Kf4 Rc5
51.Rb8 Re5 52.Rd8 Rc5 53.h4 Rc4+ 54.Kf5 h5 55.Bxh5 Rxh4 56.Rd7+ Kf8 57.Bg6 Rh1
58.Kf6 Rf1+ 59.Bf5 Re1 60.Rf7+ Ke8 61.Rxc7 Kf8 62.Rc8+ Re8 63.Rc1 Re2 64.Rh1 Rg2
65.Rh8+ Rg8 66.Rh7 Rg1 67.Rd7 Re1 68.Rxd6 Re7 69.Rd8+ Re8 70.Rd3 Re7 71.Bg6 Rf7+
72.Kg5 Rf1 73.Re3 Kg7 74.Re7+ Kf8 75.Ra7 Rf2 76.Be4 Ke8 77.Bf5 Re2 78.Kf6 Kf8
79.Rh7 Rg2 80.Rh3 Rg7 81.Rh8+ Rg8 82.Rh1 Rg7 83.Be6 Rf7+ 84.Ke5 Rf2 85.Rg1 Ke7
86.Rg7+ Kf8 87.Ra7 Re2+ 88.Kf6 Rf2+ 89.Bf5 Re2 90.Rf7+ Ke8 91.Rh7 Kd8 92.Rd7+ Ke8
93.Rc7 Kf8 94.Be6 Rf2+ 95.Ke5 Re2+ 96.Kd6 Rf2 97.Rc3 Kg7 98.Rg3+ Kf6 99.Rg8 Rd2+
100.Bd5 Re2 101.Rf8+ Kg5 102.Be6 Re3 103.Ke7 Re2 104.Rf5+ Kh4 105.Rf3 Kg5
106.Kf7 Re4 107.Rf2 Rf4+  1/2-1/2

[Event "TCh-AUT 2nd Ost 2013-14"]
[Site "Zwettl AUT"]
[Date "2013.11.23"]
[Round "3.2"]
[White "Ganaus,H"]
[Black "Lendwai,R"]
[Result "1/2-1/2"]
[WhiteElo "2302"]
[BlackElo "2379"]

1.d4 Nf6 2.c4 e6 3.Nc3 Bb4 4.Nf3 O-O 5.e3 c5 6.Bd3 d5 7.O-O Nc6 8.cxd5 exd5
9.dxc5 Bxc5 10.b3 Bg4 11.Bb2 a6 12.h3 Bh5 13.Rc1 Ba7 14.g4 Bg6 15.Bxg6 fxg6
16.g5 Ne4 17.Nxe4 dxe4 18.Qxd8 Raxd8 19.Ne5 Nxe5 20.Bxe5 Rf5 21.Bf4 Bb8 22.Bxb8 Rxb8
23.h4 h6 24.gxh6 gxh6 25.Rc7 Rf7 26.Rfc1 Rbf8 27.Rxf7 Rxf7 28.Rc4 Re7 29.Kg2 Kg7
30.Kg3 h5 31.Rb4 b5 32.a4 bxa4 33.bxa4 Re6 34.Rb7+ Kh6 35.Rd7 Rc6 36.Rd4 Re6
37.Rd5 Kg7 38.Ra5 Kh6 39.Rc5 Kg7 40.Rc7+ Kh6 41.Rc5 Kg7 42.Ra5  1/2-1/2

[Event "1st Srefidensi Masters 2013"]
[Site "Paramaribo SUR"]
[Date "2013.11.24"]
[Round "8.2"]
[White "L'Ami,Alina"]
[Black "Willemze,T"]
[Result "1/2-1/2"]
[WhiteElo "2361"]
[BlackElo "2418"]

1.d4 Nf6 2.c4 e6 3.Nc3 Bb4 4.Nf3 c5 5.g3 cxd4 6.Nxd4 Qc7 7.Bg2 Qxc4 8.O-O O-O
9.Bg5 Nc6 10.Bxf6 gxf6 11.e3 Nxd4 12.exd4 d5 13.Rc1 Qa6 14.Qg4+ Kh8 15.Qh4 Kg7
16.Qg4+ Kh8 17.Qh4 Kg7  1/2-1/2

[Event "76th ch-CRC 2013"]
[Site "San Jose CRC"]
[Date "2013.11.24"]
[Round "10.7"]
[White "Gamboa Alvarado,L"]
[Black "Duran Vega,S"]
[Result "0-1"]
[WhiteElo "1896"]
[BlackElo "2267"]

1.d4 Nf6 2.c4 e6 3.Nc3 Bb4 4.Nf3 b6 5.Bg5 Bxc3+ 6.bxc3 Bb7 7.h3 h6 8.Bf4 Ne4
9.Qc2 d6 10.e3 Nd7 11.Bd3 f5 12.Rb1 g5 13.Bg3 Qf6 14.c5 Nxg3 15.fxg3 dxc5
16.O-O Qe7 17.e4 c4 18.Bxc4 Bxe4 19.Bd3 Bxf3 20.Rxf3 O-O 21.Re1 Rf6 22.Rxf5 Raf8
23.Rxf6 Rxf6 24.Bc4 Kg7 25.Qe4 Nf8 26.Qc6 Qd6 27.Qxd6 cxd6 28.a4 d5 29.Bb5 Rf7
30.c4 dxc4 31.Bxc4 Kf6 32.Rf1+ Ke7 33.Rxf7+ Kxf7 34.Kf2 Nd7 35.Ke3 Nf6 36.Kd3 Ke7
37.Ke3 Kd6 38.Kf3 Kd7 39.Bb5+ Kc7 40.Ba6 Kc6 41.Bc4 Kd6 42.h4 e5 43.Ke3 Nh5
44.dxe5+ Kxe5 45.Kf3 Nf6 46.Ke3 Ne4 47.hxg5 hxg5 48.g4 Nf6 49.Be2 Nd5+ 50.Kd2 Kd4
51.Bb5 Ne3 52.Bd7 Nxg2 53.Kc2 Ne3+ 54.Kb3 Nd5 55.Be6 Nc7 56.Bd7 Na6 57.Bc8 Nc7
58.Kb4 a5+ 59.Kb3 Nd5 60.Bf5 Nb4 61.Bc8 Nd3 62.Bf5 Nc5+ 63.Ka3 Kc3 64.Bg6 Nd7  0-1

[Event "TCh-AUT 2nd Ost 2013-14"]
[Site "Zwettl AUT"]
[Date "2013.11.24"]
[Round "4.1"]
[White "Michalik,P"]
[Black "Zilka,S"]
[Result "0-1"]
[WhiteElo "2584"]
[BlackElo "2525"]

1.d4 Nf6 2.c4 e6 3.Nc3 Bb4 4.Nf3 d5 5.cxd5 exd5 6.Bg5 h6 7.Bh4 c5 8.dxc5 g5
9.Bg3 Ne4 10.Bxb8 Bxc3+ 11.bxc3 Rxb8 12.Qd4 O-O 13.Nd2 Qa5 14.Nxe4 dxe4 15.Qb4 b6
16.c6 Be6 17.e3 Rfc8 18.Bb5 a6 19.Ba4 Qxb4 20.cxb4 b5 21.Bb3 Bxb3 22.axb3 Rxc6
23.O-O Rd8 24.g4 Rd3 25.Rfc1 Rxc1+ 26.Rxc1 Rxb3 27.Rc6 Kg7 28.Rxa6 Rxb4 29.Rb6 Rb1+
30.Kg2 b4 31.h3 Rb2 32.Kg3 b3 33.Rb4 Kf6 34.Rxe4 Rc2 35.Rb4 b2 36.f4 Ke6
37.h4 f6 38.hxg5 hxg5 39.Rb5 Kd6 40.Kf3 Kc6 41.Rb8 Kd5 42.Rb7 Kc5 43.Rb8 Kd5
44.Rb7 Rd2 45.Rb8 Kc4 46.Ke4 gxf4 47.Rc8+ Kb3 48.Rb8+ Kc4 49.Rc8+ Kb4 50.Rb8+ Kc5
51.Rc8+ Kb6 52.Rb8+ Kc7 53.Rb3 f3 54.Kxf3 Kc6 55.g5 fxg5 56.Kg4 Kd5 57.Kxg5 Kc4  0-1

[Event "76th ch-CRC 2013"]
[Site "San Jose CRC"]
[Date "2013.11.25"]
[Round "12.6"]
[White "Gamboa Alvarado,L"]
[Black "Chinchilla,E"]
[Result "0-1"]
[WhiteElo "1896"]
[BlackElo "2191"]

1.d4 Nf6 2.c4 e6 3.Nc3 Bb4 4.Nf3 b6 5.Bg5 Bb7 6.Qc2 h6 7.Bh4 O-O 8.e3 g5
9.Bg3 Ne4 10.Bd3 Bxc3+ 11.bxc3 f5 12.Rb1 d6 13.d5 exd5 14.cxd5 Bxd5 15.c4 Bb7
16.Nd4 Qe7  0-1

[Event "St Louis Classic GM 2013"]
[Site "Saint Louis USA"]
[Date "2013.11.26"]
[Round "8.4"]
[White "Boros,De"]
[Black "Yang,Dar"]
[Result "1-0"]
[WhiteElo "2484"]
[BlackElo "2482"]

1.d4 Nf6 2.c4 e6 3.Nc3 Bb4 4.Nf3 b6 5.Qb3 a5 6.g3 O-O 7.Bg2 Bb7 8.O-O Bxc3
9.bxc3 a4 10.Qb2 d6 11.c5 dxc5 12.dxc5 Nbd7 13.Rd1 Qc8 14.cxb6 Nxb6 15.Bg5 Ne4
16.Qc2 f6 17.Bc1 Nd6 18.Ba3 Be4 19.Qc1 Nbc4 20.Bh3 Re8 21.Nd2 Bb7 22.Rb1 Nxa3
23.Qxa3 c5 24.Rb6 Qc7 25.Rdb1 Bd5 26.Bg2 Bxg2 27.Kxg2 Red8 28.R1b2 h6 29.c4 Nf5
30.Rxe6 Nd4 31.Re3 Qc6+ 32.f3 f5 33.Nf1 Re8 34.Qd3 a3 35.Rd2 Red8 36.Re5 Rd7
37.Rxf5 Rad8 38.Rd5 Rxd5 39.cxd5 Qxd5 40.Qxa3 Rb8 41.Qd3 Re8 42.Kf2 Ra8 43.Ne3 Qh5
44.h4 Re8 45.Nc2 Nxc2 46.Rxc2 Kh8 47.Qd6 Qf5 48.Rxc5 Qh3 49.Kg1 Re6 50.Rc8+ Kh7
51.Qd3+ Rg6 52.Rh8+  1-0

[Event "10th Vasylyshyn Memorial GM"]
[Site "Lviv UKR"]
[Date "2013.11.27"]
[Round "9"]
[White "Vovk,Y"]
[Black "Sivuk,V"]
[Result "1-0"]
[WhiteElo "2588"]
[BlackElo "2517"]

1.Nf3 Nf6 2.c4 e6 3.Nc3 Bb4 4.d4 b6 5.Bg5 h6 6.Bh4 Bb7 7.Nd2 Nc6 8.e3 Ne7
9.Bxf6 gxf6 10.Qb3 c5 11.dxc5 bxc5 12.a3 Qa5 13.O-O-O Bxc3 14.Qxb7 Bxd2+
15.Rxd2 Rd8 16.Be2 Qb6 17.Bf3 Qxb7 18.Bxb7 Ng6 19.Rhd1 Ke7 20.Rd6 Ne5 21.Ba6 Nc6
22.Bb5 Nb8 23.b4 cxb4 24.axb4 Rhg8 25.g3 f5 26.Kb2 Rc8 27.Rxd7+ Nxd7 28.Rxd7+ Kf6
29.Rxa7 Rgd8 30.Kc3 Rd1 31.Ba4 Rc1+ 32.Bc2 h5 33.b5 h4 34.gxh4 Rf1 35.b6 Rxf2
36.Rc7 Rb8 37.c5 Rxh2 38.b7 Rxh4 39.c6 Rhh8 40.Rd7 Ke5 41.Bd3 f4 42.exf4+ Kxf4
43.Rxf7+ Ke5 44.Rd7  1-0